00279nam a2200121Ia 4500008004100000100002600041245002300067260002600090300000700116650001000123942000700133999001700140190216s9999||||xx |||||||||||||| ||und|| aPrabhulla Kumar Varma 0aHindi-Vah Thin Log bSaindava Books Kollam a96 aHindi cBK c16345d16345